Brückenwörter - Statistiken

Allgemein
  • Dieses Quiz wurde 127 mal gespielt
  • Das Durchschnittsergebnis liegt bei 7 aus 15
Antwortstatistiken
1. Wort Antwort 2. Wort % Korrekt
Mineral... Wasser ...hahn
91%
Wein... Traube ...nsaft
80%
Kratz... Baum ...schule
70%
Maß... Band ...wurm
64%
Blumento... Pferde ...koppel
52%
Antennen... Kabel ...salat
51%
Floh... Markt ...analyse
51%
Schreib... Tisch ...decke
47%
Maul... Wurf ...bude
32%
Sig... Natur ...joghurt
30%
Kopf... Salat ...schleuder
29%
Altbauch... Arme ...nien
27%
Ur... Wald ...rand
23%
Spezi... Fisch ...bestand
20%
Unter... Schrift ...art
12%
Keine übereinstimmenden Quizze gefunden
Verteilung der Resultate
Anzahl Personen mit jedem Resultat
Perzentil nach korrekt beantworteten Fragen
Ihre Resultats-Entwicklung
Sie haben dieses Quiz noch nicht gespielt